Sports Quiz

Random Sports or WWE Quiz
Score 0/29 Timer 08:00
0 Plays Today
Matches Wrestler % Correct
91Sting
95.2%
45Hollywood Hulk Hogan
94.5%
71Ric Flair
89.8%
49Kevin Nash
88.4%
33Scott Hall
85.4%
58Booker T
76.4%
73Lex Luger
75.1%
48Chris Benoit
72.8%
66Scott Steiner
72.7%
61Rick Steiner
71.7%
38Randy Savage
71.5%
40Rey Misterio Jr.
70.6%
27Eddy Guerrero
70.5%
62Diamond Dallas Page
69.3%
27Chris Jericho
69%
Matches Wrestler % Correct
32The Giant
63.2%
40Arn Anderson
62.3%
33Dean Malenko
61.5%
40Stevie Ray
53.7%
31Vader
52%
30Jeff Jarrett
51.9%
43Buff Bagwell
48.5%
38Dustin Rhodes
46.7%
33Billy Kidman
41.1%
37Konnan
38.1%
29Brian Pillman
34.9%
32Barry Windham
32.4%
30Bobby Eaton
18.1%
31Brian Knobbs
16.8%
Remove Ads.
Support Sporcle.
Get the best of Sporcle when you Go Orange. This ad-free experience offers more features, more stats, and more fun while also helping to support Sporcle. Thank you for becoming a member.

You're not logged in!

Compare scores with friends on all Sporcle quizzes.
OR
Log In

Show Comments

Extras

Top Quizzes Today


Score Distribution

Your Account Isn't Verified!

In order to create a playlist on Sporcle, you need to verify the email address you used during registration. Go to your Sporcle Settings to finish the process.

Report this User

Report this user for behavior that violates our Community Guidelines.

Details: